Nueva gramática de la lengua española.
Saved in:
| Corporate Author: | |
|---|---|
| Format: | Book |
| Language: | Spanish |
| Published: |
Madrid, España:
Asociación de Academias de la Lengua Española,
2009.
|
| Subjects: | |
| Tags: |
Add Tag
No Tags, Be the first to tag this record!
|
MARC
| LEADER | 00000nam a2200000 a 4500 | ||
|---|---|---|---|
| 001 | UCG0381 | ||
| 003 | CL-VaPUC | ||
| 005 | 20220822114400.0 | ||
| 008 | 100325e20090000SP |||||||||||||||||spa|d | ||
| 999 | |c 340022 |d 340020 | ||
| 020 | |a 978-84-670-3207-9 (obra completa) | ||
| 020 | |a 978-84-670-3245-1 (v.I) | ||
| 020 | |a 978-84-670-3246-8 (v.II) | ||
| 040 | |c Pontificia Universidad Católica de Valparaíso | ||
| 082 | 0 | 4 | |a 465 REA 2009 |2 21 |
| 110 | 2 | |a Real Academia Española |e autor |9 547768 | |
| 245 | 1 | 0 | |a Nueva gramática de la lengua española. |
| 260 | |a Madrid, España: |b Asociación de Academias de la Lengua Española, |c 2009. | ||
| 300 | |a 2 Volúmenes. | ||
| 500 | |a c.3 Volumen I: Donación Familia Prof. Alejandro Guzmán Brito. c.3 Volumen II: Donación Familia Prof. Alejandro Guzmán Brito. | ||
| 505 | |a v.I: Morfología. Sintaxis I. v.II: Sintaxis II. | ||
| 583 | |a last modification |c 20121214 10:53:05 |k Rodrigo Vera | ||
| 650 | 0 | |a Gramática española |9 403055 | |
| 650 | 0 | |a Morfología |9 334440 | |
| 650 | 0 | |a Sintaxis |9 318843 | |
| 942 | |c BK |2 ddc |n 0 | ||
| 945 | |d 20100325 00:00:00 |a rbrito | ||
| 952 | |0 0 |1 0 |4 0 |6 465_000000000000000_REA_2009 |7 0 |8 A |9 434332 |a FDOPOS |b FDOPOS |d 2019-11-22 |h v.1 |i 4655508 |o 465 REA 2009 |p 4655508 |r 2025-01-22 |w 2019-11-22 |y BK |k DLA | ||
| 952 | |0 0 |1 0 |4 0 |6 465_000000000000000_REA_2009 |7 0 |8 A |9 434333 |a FDOPOS |b FDOPOS |d 2019-11-22 |h v.2 |i 4655516 |o 465 REA 2009 |p 4655516 |r 2025-01-22 |w 2019-11-22 |y BK |k DLA | ||
| 952 | |0 0 |1 0 |4 0 |6 465_000000000000000_REA_2009 |7 0 |8 R |9 434334 |a BIBEDU |b BIBEDU |c MCIRC |d 2019-11-22 |h v.1 |i 4695895 |l 8 |m 2 |o 465 REA 2009 |p 4695895 |r 2023-05-17 |s 2023-05-12 |w 2019-11-22 |y BK_R |k LIT | ||
| 952 | |0 0 |1 0 |4 0 |6 465_000000000000000_REA_2009 |7 0 |8 R |9 434335 |a BIBEDU |b BIBEDU |c MCIRC |d 2019-11-22 |h v.2 |i 4695909 |l 2 |o 465 REA 2009 |p 4695909 |r 2023-01-13 |s 2022-12-09 |w 2019-11-22 |y BK_R |k LIT | ||
| 952 | |0 0 |1 0 |2 ddc |4 0 |6 465_000000000000000_REA_2009 |7 1 |8 C_AGB |9 581101 |a BIBDER |b BIBDER |d 2022-02-03 |e Donación |h v.I |i 5644488 |o 465 REA 2009 |p 5644488 |r 2023-01-25 |t 3 |w 2022-02-03 |y BK_US |k AGB | ||
| 952 | |0 0 |1 0 |2 ddc |4 0 |6 465_000000000000000_REA_2009 |7 1 |8 C_AGB |9 581256 |a BIBDER |b BIBDER |d 2022-02-09 |e Donación |h v.II |i 5646022 |o 465 REA 2009 |p 5646022 |r 2023-01-25 |t 3 |w 2022-02-09 |y BK_US |k AGB | ||